| 000 | 01985nam a2200361 c 4500 | ||
|---|---|---|---|
| 999 |
_c1748 _d1748 |
||
| 001 | a6385747 | ||
| 003 | SpMaBN | ||
| 005 | 20231102145603.0 | ||
| 008 | 181217s2018 sp | |||| 000 faspa | ||
| 020 | _a9789584264831 | ||
| 020 | _a9584264834 | ||
| 035 | _a(OCoLC)1091715535 | ||
| 040 |
_aSpMaBN _bspa _cCO-UDEC _eAARC _eISBD |
||
| 041 | 1 |
_aspa _heng |
|
| 082 |
_a943 _bE29 |
||
| 100 | 1 |
_aEger, Edith _4autor |
|
| 240 | 1 | 4 |
_aThe choice, embrace the possible _lEspañol |
| 245 | 1 | 3 |
_aLa bailarina de Auschwitz : _buna inspiradora historia de valentía y supervivencia / _cEdith Eger ; traducción, Jorge Paredes. |
| 250 | _a13a edición. | ||
| 264 |
_aBogotá : _bPlaneta, _c2018. |
||
| 300 |
_a412 p. ; _c23 cm |
||
| 500 | _aBestseller internacional. | ||
| 500 | _a"Este libro es un regalo para la humanidad. Una de esas historias que nunca quieres terminar de leer y que te cambian la vida para siempre." DESMOND TUTU, premio Nobel de la Paz. | ||
| 504 | _aPRIMERA PARTE LA PRISIÓN: introducción: yo era dueña de mi secreto y mi secreto me poseía ; Las cuatro preguntas ; lo que pones en tu mente ; Bailando en el infierno ; Una rueda ; La escalera de la muerte ; Elegir una brizna de hierba -- SEGUNDA PARTE LA HUIDA: Mi libertador, mi agresor ; Entra por una ventana ; El año que viene en Jerusalén ; La fuga -- TERCERA PARTE LA LIBERTAD: El día de mi inmigración ; Novata ; ¿Estuviste ahí? ; De superviviente a superviviente ; Lo que la vida esperaba ; La decisión ; Entonces Hitler ganó ; La cama de Goebbels ; Deja una piedra -- CUARTA PARTE LA CURACIÓN: La danza de la libertad ; La doncella sin manos ; De algún modo, las aguas se separan ; El día de la liberación. | ||
| 546 | _aEspañol | ||
| 600 | 1 | 7 | _aEger, Edith |
| 650 | 0 |
_92444 _aSobrevivientes del holocausto |
|
| 650 | 0 |
_92445 _aGuerra Mundial |
|
| 650 | 0 |
_92446 _aPsicólogos - Biografía |
|
| 655 | 7 | _aAutobiografías | |
| 700 | 1 |
_aParedes, Jorge _etraductor |
|
| 942 |
_2ddc _cBK |
||